000 00770cam a2200157 4500500
005 20260329001650.0
041 _afre
042 _adc
100 1 0 _aAugustins, Georges
_eauthor
245 0 0 _aPara Martine: de las ATP a Nanterre, pasando por otros lugares
260 _c2024.
500 _a91
520 _aLes Centaures & autres poèmes (La Barque, 2024), de Zuzanna Ginczanka, revela al público francés la densa e intensa obra de la poetisa polaco-judía del periodo de entreguerras. Esta obra expresa su feminidad con sensualidad y su humor con inquietud.
786 0 _nEthnologie française | 54 | 3 | 2024-11-15 | p. 129-132 | 0046-2616
856 4 1 _uhttps://shs.cairn.info/revista-ethnologie-francaise-2024-3-page-129?lang=es&redirect-ssocas=7080
999 _c1807485
_d1807485